Cartes zombie call of duty - Clic quiz - Statistiques

Statistiques générales
  • Ce quiz a été pris 594 fois
  • Le résultat moyen est 13 sur 23
Statistiques - réponses
Hint Réponse % Correct
TranZit Black Ops II
81%
Shadows of Evil Black Ops III
79%
Kino Der Toten Black Ops
76%
Moon Black Ops
72%
Origins Black Ops II
71%
Five Black Ops
69%
Nuketown Black Ops II
68%
Ascension Black Ops
67%
Shangri-La Black Ops
66%
Zetsubou No Shima Black Ops III
61%
Firebase Z Cold War
61%
The Giant Black Ops III
60%
Die Rise Black Ops II
55%
Die Maschine Cold War
55%
Nacht der Untoten World at War
52%
Gröesten Haus WWII
49%
Mauer der Toten Cold War
48%
The final Reich WWII
48%
Forsaken Cold War
47%
Verrückt World at War
42%
U.S.S. Mount Olympus WWII
40%
The Shadowed Throne WWII
37%
Der Riese World at War
30%
Aucun quiz correspondant
Distribution des résultats
% des personnes avec chaque résultat
Percentile par nombre de réponses
Votre historique - résultats
Vous n’avez pas pris ce quiz